000 00447nam a2200205Ia 4500
003 OSt
005 20220923230839.0
006 a|||||r|||| 00| 0
007 ta
008 Pun
024 _a306,050
037 _cTextual
040 _aARTS
_cARTS
_bPun
041 _2Pun
_aPun
082 _aP, 153K3
245 0 _aਸਾਹਿੱਤ ਸਮਾਚਾਰ
260 _c1963
942 _hP, 153K3
_cTEXL
_2CC
999 _c387837
_d387837